| 000 | 00778nam a22002177a 4500 | ||
|---|---|---|---|
| 003 | 0 | ||
| 005 | 20240918152507.0 | ||
| 008 | 240918b xxu||||| |||| 00| 0 eng d | ||
| 020 | _a978-1-119-83319-2 | ||
| 050 |
_aHF 5548.2 _b.J34 2022 |
||
| 100 | _aJagare, Ulrika | ||
| 245 |
_aOperating AI _bBridging the gap between technology and business _cUlrika Jagare ; foreword by Mazin Gilbert |
||
| 260 |
_aNew Jersey _bJohn Wiley & Sons, Inc. _c2022 |
||
| 300 |
_axx, 252 pages ; _c24cm. |
||
| 504 | _aIncludes bibliographical references and index. | ||
| 650 | _aArtificial intelligence--industrial applications. | ||
| 650 | _aArtificial intelligence. | ||
| 650 | _aBusiness--data processing. | ||
| 650 | _aBusiness--technological applications. | ||
| 942 |
_2lcc _cBK |
||
| 999 |
_c366247 _d366247 |
||